Actors Disney Channel: Wizards of Waverly Place - Statistics

General Stats
  • This quiz has been taken 1,810 times
    1,796 since last reset
  • The average score is 5 of 6
Answer Stats
Hint Answer % Correct
Selena Gomez Alex
99%
David Henrie Justin
95%
Jake T. Austin Max
95%
Jennifer Stone Harper
91%
David Deluise Jerry
64%
Maria Canals Barrera Theresa
53%
No matching quizzes found
Score Distribution
Percent of People with Each Score
Percentile by Number Answered
Your Score History
You have not taken this quiz since the last reset